000 00767nam a2200229 a 4500
999 _c7988
_d7988
001 7988
003 BD-JhCC
005 20180402192539.0
008 171018s2000 bg |||| ||a| 000 0 ben d
020 _a984310781
035 _a(BD-JhCC)7988
040 _aBD-JhCC
_dBD-JhCC
041 _aben
082 _a954.9205
_bBAN 2000
100 _aরেহমান, তারেক শামসুর
245 _aবাংলাদেশ : রাষ্ট্র ও রাজনীতি /
_cতারেক শামসুর রেহমান (সম্পাদিত)
260 _aঢাকা :
_bউত্তরণ,
_c2000.
300 _a320 p. :
_c22 cm.
650 _aPolitics and Government
_zBangladesh
942 _2ddc
_cBK